000 00424cam a2200181 4500
001 D15160
008 090401t1963 xxu||||| |||| 00| 0 eng d
035 _a(Sirsi) u94973
041 _aeng
110 _aChartered Auctioneers` & Estate Agents` Institute
245 _aCardiff 1963
260 _bCAEAI
_c1963
300 _a40p
350 _a0
520 _aFiled in box 1963/37 AB
942 _n0
948 _c04/03/1997
999 _c98245
_d98245